| 000 | 00629nam a2200229Ia 4500 | ||
|---|---|---|---|
| 003 | GCL | ||
| 008 | 140319s9999 xx 000 0 ara d | ||
| 040 |
_aGCL / _cGCL |
||
| 082 | 0 | 4 |
_a370.1 _bس ط |
| 100 | 1 | _aسعد مرسى احمد | |
| 245 | 1 | 0 |
_aطفل غاضب فكر فلسفى للتربية / _cسعد مرسى احمد |
| 260 |
_a[S.N] : _bعالم الكتب الحديث ، _c1980 |
||
| 300 | _a220 ص | ||
| 490 | _a | ||
| 650 | 0 | 4 | _aالمجتمع |
| 650 | 0 | 4 | _aالاسرة |
| 650 | 0 | 4 | _aالتعليم |
| 650 | 0 | 4 | _aالتربية |
| 650 | 0 | 4 | _aفلسفة |
| 650 | 0 | 4 | _aالاطفال |
| 942 |
_2ddc _cBK |
||
| 999 |
_c32373 _d32373 |
||